01447nam a2200349 a 4500001001200000003000800012006001900020007001500039008004100054010001700095020003100112020002700143040002100170035002100191043001200212050002800224082002300252245014000275260004400415300003000459490005000489504004100539533015200580650003800732650003300770651003600803655002900839710001600868710001700884830007000901856012600971ebr10460976CaPaEBRm u cr cn|||||||||110217s2011 dcuabd sb 000 0 eng d z 2011006400 z9780821387429 (alk. paper) z9780821387436 (e-book) aCaPaEBRcCaPaEBR a(OCoLC)724675270 aee-----14aHD5764.7.A6bJ63 2011eb04a331.12/042094722204aThe jobs crisish[electronic resource] :bhousehold and government responses to the great recession in Eastern Europe and Central Asia. aWashington, D.C. :bWorld Bank,cc2011. axxx, 100 p. :bill., map.1 aDirections in development : human development aIncludes bibliographical references. aElectronic reproduction.bPalo Alto, Calif. :cebrary,d2011.nAvailable via World Wide Web.nAccess may be limited to ebrary affiliated libraries. 0aManpower policyzEurope, Eastern. 0aRecessionszEurope, Eastern. 0aEurope, EasternxSocial policy. 7aElectronic books.2local2 aWorld Bank.2 aebrary, Inc. 0aDirections in development (Washington, D.C.).pHuman development.40uhttp://site.ebrary.com/lib/rucke/Doc?id=10460976zAn electronic book accessible through the World Wide Web; click to view